000 00911nam a2200241 a 4500
003 BD-DhJNU
005 20251116061313.0
008 251108s2023 bg |||g |||| 000 1|ben|d
020 _a9789849410249
040 _aBD-DhJNU
_bben
_cBD-DhJNU
_dBD-DhJNU
041 _aben
082 _a891.443 ROH
_223
100 _aরায়, সুকুমার
242 1 0 _aHA JA BA RA LA / by Sukumar Roy
245 1 0 _aহযবরল /
_cসুকুমার রায়
246 _aha ja ba ra la
250 _a1st ed.
260 _aঢাকা :
_bকবি প্রকাশনী,
_c2023.
300 _a৫৬ পৃ. :
_bচিত্র ;
_c২১ সেমি.।
504 _aগ্রন্থপঞ্জিগত নির্দেশিকা ও নিঘন্ট অন্তভূক্ত
650 _aHumorous literature (রসাত্মক সাহিত্য)
942 _cBK
999 _c2367
_d2367